Rubicon : the last years of the roman republic /
Guardado en:
| Autor Principal: | |
|---|---|
| Formato: | Libro |
| Publicado: |
New York :
Anchor Books,
2003
|
| Materias: | |
| Etiquetas: |
Agregar Etiqueta
Sin Etiquetas, Sea el primero en etiquetar este registro!
|
| LEADER | 00531nam a22001815a 4500 | ||
|---|---|---|---|
| 001 | EHU.bham041219 | ||
| 003 | AR-BHAM | ||
| 005 | 20111019104748.0 | ||
| 008 | 130507s2003##################000#0#####d | ||
| 020 | |a 1400078970 | ||
| 082 | 9 | 3 | |a 937.05 |
| 100 | 1 | |a Holland, Tom | |
| 245 | 1 | 0 | |a Rubicon : |b the last years of the roman republic / |c Tom Holland |
| 260 | |a New York : |b Anchor Books, |c 2003 | ||
| 300 | |a 408 p. | ||
| 653 | |a Roma-historia de | ||
| 653 | |a Roma-república | ||
| 859 | |a AR-BHAM |b BIB. HUMANIDADES - General |h 937.05 |i H617 |p 461.11 |t Ej.1 | ||
